| 000 | 00759nam a2200205Ia 4500 | ||
|---|---|---|---|
| 003 | GCL | ||
| 008 | 140319s9999 xx 000 0 ara d | ||
| 040 |
_aGCL / _cGCL |
||
| 082 | 0 | 4 |
_a953.072 _bس ت |
| 100 | 1 | _aسعد زغلول عبدالحميد | |
| 245 | 1 | 0 |
_aتاريخ المغرب العربى : جـ2 تاريخ دول الاغالبة والرسميين وبنى مذرار والادراسة حتى قيام الفاطميين / _cسعد زغلول عبدالحميد |
| 300 | _a641 ص | ||
| 490 |
_aالكتب التاريخية _v0 |
||
| 650 | 0 | 4 | _aتاريخ |
| 650 | 0 | 4 | _aدولة الادارسة |
| 650 | 0 | 4 | _aدولة الاغالبة |
| 650 | 0 | 4 | _aالمغرب - تاريخ |
| 650 | 0 | 4 | _aالدولة الرسمية |
| 942 |
_2ddc _cBK |
||
| 999 |
_c48938 _d48938 |
||